| 000 | 01623nam a2200361 a 4500 | ||
|---|---|---|---|
| 001 | ebr10516740 | ||
| 003 | CaPaEBR | ||
| 006 | m u | ||
| 007 | cr cn||||||||| | ||
| 008 | 900413s1990 dcua sb 001 0 eng d | ||
| 010 | _z 90000594 | ||
| 020 | _z0930403738 | ||
| 020 | _z9780930403737 | ||
| 020 | _z9781600863837 (e-book) | ||
| 040 |
_aCaPaEBR _cCaPaEBR |
||
| 035 | _a(OCoLC)844348702 | ||
| 050 | 1 | 4 |
_aTL910 _b.M43 1990eb |
| 082 | 0 | 4 |
_a629.1 s _a629.4/11 _220 |
| 245 | 0 | 0 |
_aMechanics and control of large flexible structures _h[electronic resource] / _cedited by John L. Junkins. |
| 260 |
_aWashington, D.C. : _bAmerican Institute of Aeronautics and Astronautics, _cc1990. |
||
| 300 |
_axix, 697 p. : _bill. |
||
| 490 | 1 |
_aProgress in astronautics and aeronautics ; _vv. 129 |
|
| 504 | _aIncludes bibliographical references and index. | ||
| 505 | 0 | _apt. 1. Structural modeling, identification, and dynamic analysis -- pt. 2. Control, stability analysis, and optimization -- pt. 3. Controls/structure interactions : analysis and experiments. | |
| 533 |
_aElectronic reproduction. _bPalo Alto, Calif. : _cebrary, _d2013. _nAvailable via World Wide Web. _nAccess may be limited to ebrary affiliated libraries. |
||
| 650 | 0 | _aLarge space structures (Astronautics) | |
| 650 | 0 | _aAstrodynamics. | |
| 655 | 7 |
_aElectronic books. _2local |
|
| 700 | 1 | _aJunkins, John L. | |
| 710 | 2 | _aebrary, Inc. | |
| 830 | 0 |
_aProgress in astronautics and aeronautics ; _vv. 129. |
|
| 856 | 4 | 0 |
_uhttp://site.ebrary.com/lib/rucke/Doc?id=10516740 _zAn electronic book accessible through the World Wide Web; click to view |
| 999 |
_c224312 _d224312 |
||